[Event "Autumn Equinox Open 1"]
[Site "SchemingMind.com"]
[Date "2018.10.15"]
[Round "-"]
[White "capablanca"]
[Black "Goz"]
[Result "1-0"]
[WhiteCountry "GER"]
[BlackCountry "ENG"]
[WhiteElo "1790"]
[WhiteRD "74"]
[BlackElo "1583"]
[BlackRD "66"]
[GameID "433621"]

1. d4 d5 2. c4 c6 3. Nc3 e6 4. Bf4 Bd6 5. Bxd6 Qxd6 6. e3 dxc4 7. Bxc4 b5 8. Bb3 b4 9. Ne4 Qc7 10. Nf3 Ba6
11. Qc2 Nd7 12. Nc5 Nxc5 13. Qxc5 Ne7 14. Qxb4 O-O 15. Bc4 Rab8 16. Qc3 Bxc4 17. Qxc4 Rxb2 18. O-O Rfb8 19. Ne5 R8b4 20. Qc3 Re2
21. Qxb4 Nd5 22. Qc4 Rb2 23. Qxc6 Qxc6 24. Nxc6 a6 25. Rfb1 Rb6 26. Rxb6 Nxb6 27. Rb1 Nd7 28. Rb7 Nf8 29. Rb8 f6 30. Ra8 h6
31. a4 Kf7 32. Rxf8+ Kxf8 33. Nb8 Ke7 34. Nxa6 Kd6 35. Nc5 e5 36. a5 Kc7 37. a6 Kb6 38. dxe5 fxe5 39. Kf1 g5 40. Nd7+ Kxa6
41. Nxe5 h5 42. Ke2 Kb5 43. Kd3 Kc5 44. Ke4 Kd6 45. Nf7+ Ke6 46. Nxg5+ Kf6 47. h4
1-0

[Event "Autumn Equinox Open 1"]
[Site "SchemingMind.com"]
[Date "2018.10.16"]
[Round "-"]
[White "Goz"]
[Black "capablanca"]
[Result "0-1"]
[WhiteCountry "ENG"]
[BlackCountry "GER"]
[WhiteElo "1599"]
[WhiteRD "72"]
[BlackElo "1793"]
[BlackRD "81"]
[GameID "433622"]

1. d4 d5 2. e3 c5 3. Bb5+ Bd7 4. Bxd7+ Nxd7 5. c3 e6 6. Nf3 Ngf6 7. O-O Bd6 8. a3 O-O 9. Nbd2 Bb8 10. b4 cxb4
11. axb4 Qc7 12. Bb2 Ne4 13. Rc1 Nxd2 14. Qxd2 Nb6 15. Ne5 Nc4 16. Nxc4 Qxh2#
0-1

[Event "Autumn Equinox Open 1"]
[Site "SchemingMind.com"]
[Date "2018.10.21"]
[Round "-"]
[White "capablanca"]
[Black "Holty"]
[Result "0-1"]
[WhiteCountry "GER"]
[BlackCountry "ENG"]
[WhiteElo "1793"]
[WhiteRD "81"]
[BlackElo "1726"]
[BlackRD "60"]
[GameID "433794"]

1. e4 e6 2. d4 d5 3. exd5 exd5 4. Bd3 Bd6 5. Nf3 Ne7 6. O-O O-O 7. h3 Bf5 8. Bxf5 Nxf5 9. c3 Nd7 10. Re1 Re8
11. Bg5 f6 12. Bd2 c6 13. Rxe8+ Qxe8 14. Qe1 Qf7 15. a4 Re8 16. Qf1 Re4 17. Na3 Qg6 18. Nc2 Nh4 19. Nxh4 Rxh4 20. g4 Qxc2
0-1

[Event "Autumn Equinox Open 1"]
[Site "SchemingMind.com"]
[Date "2018.10.21"]
[Round "-"]
[White "Holty"]
[Black "capablanca"]
[Result "1/2-1/2"]
[WhiteCountry "ENG"]
[BlackCountry "GER"]
[WhiteElo "1726"]
[WhiteRD "60"]
[BlackElo "1793"]
[BlackRD "81"]
[GameID "433795"]

1. d4 d5 2. e3 c5 3. c3 Bf5 4. Nf3 e6 5. Nbd2 Nf6 6. Be2 Bd6 7. O-O Nc6 8. Re1 O-O 9. a3 a6 10. c4 dxc4
11. dxc5 Bxc5 12. Nxc4 b5 13. Nce5 Nxe5 14. Nxe5 Rc8 15. b4 Bb6 16. Bd3 Bxd3 17. Qxd3 Bc7 18. Qxd8 Rfxd8 19. Bb2 Bb8 20. Rac1 h6
21. g3 Bxe5 22. Bxe5 Ne4 23. Bb2 Nd6=
1/2-1/2

[Event "Autumn Equinox Open 1"]
[Site "SchemingMind.com"]
[Date "2018.10.21"]
[Round "-"]
[White "Goz"]
[Black "Holty"]
[Result "0-1"]
[WhiteCountry "ENG"]
[BlackCountry "ENG"]
[WhiteElo "1583"]
[WhiteRD "66"]
[BlackElo "1734"]
[BlackRD "60"]
[GameID "433796"]

1. d4 e6 2. e4 d5 3. e5 c5 4. c3 Nc6 5. Be3 Nge7 6. dxc5 Nxe5 7. Bd4 N5c6 8. Nf3 Nf5 9. Bb5 Bd7 10. Bxc6 bxc6
11. O-O f6 12. b4 Be7 13. Nh4 Nxh4 14. Qh5+ Ng6 15. g4 Qc7 16. f4 O-O-O 17. Be3 Be8 18. Qh3 Bd7 19. Qg3 f5 20. g5 Rdg8
21. h4 h6 22. Kg2 hxg5 23. fxg5 Qxg3+ 24. Kxg3 Rxh4 25. Rg1 f4+ 26. Bxf4 Rxf4 27. Nd2 Bxg5 28. Nf3 Bh4+ 29. Kg2 Rgf8 30. Raf1 e5
31. Nh2 Bf2 32. Rh1 Nh4#
0-1

[Event "Autumn Equinox Open 1"]
[Site "SchemingMind.com"]
[Date "2018.10.21"]
[Round "-"]
[White "Holty"]
[Black "Goz"]
[Result "1-0"]
[WhiteCountry "ENG"]
[BlackCountry "ENG"]
[WhiteElo "1734"]
[WhiteRD "60"]
[BlackElo "1583"]
[BlackRD "66"]
[GameID "433797"]

1. d4 d5 2. e3 a6 3. Bd3 Nf6 4. Nd2 e6 5. Ngf3 Bd6 6. b3 O-O 7. O-O c5 8. Bb2 b5 9. Ne5 c4 10. bxc4 bxc4
11. Ndxc4 Bb7 12. Nxd6 Qxd6 13. a4 Nbd7 14. Ba3 Qc6 15. Bxf8 Nxe5 16. dxe5 Nd7 17. Bd6 d4 18. f3 dxe3 19. Qe2 a5 20. Bb5 Qc8
21. Rac1 Bc6 22. c4 Nb6 23. Qxe3 Nxa4 24. Bxc6 Qxc6 25. c5 Ra7 26. Rfd1 Rb7 27. Qa3 h6 28. Rb1 Rb4 29. Rxb4 axb4 30. Qxb4 f5
31. Ra1 Nxc5 32. Qxc5 Qxc5+ 33. Bxc5 Kf7 34. Ra7+ Kg6 35. Re7 h5 36. Rxe6+ Kg5 37. Rd6 g6 38. Bd4
1-0

[Event "Autumn Equinox Open 1"]
[Site "SchemingMind.com"]
[Date "2018.10.28"]
[Round "-"]
[White "capablanca"]
[Black "Phillip Beckett"]
[Result "1-0"]
[WhiteCountry "GER"]
[BlackCountry "ENG"]
[WhiteElo "1790"]
[WhiteRD "74"]
[BlackElo "1536"]
[BlackRD "53"]
[GameID "434035"]

1. e4 e5 2. Bc4 Nf6 3. d3 Nc6 4. Nf3 Be7 5. O-O d6 6. h3 h6 7. Be3 O-O 8. c3 Nh7 9. Bb3 Ng5 10. Nxg5 Bxg5
11. Bxg5 Qxg5 12. Qf3 Kh7 13. Na3 f5 14. exf5 Bxf5 15. Qe3 Qxe3 16. fxe3 Bxd3 17. Bc2 Bxc2 18. Nxc2 Kg8 19. e4 Rxf1+ 20. Rxf1 Rf8
21. Ne3 Rxf1+ 22. Kxf1 Ne7 23. Ke2 g5 24. Ng4 Kg7 25. Ne3= Ng6 26. g3 Ne7 27. c4 Nc6 28. Nd5 Na5 29. b3 c6 30. Ne7 Kf6
31. Nf5 d5 32. cxd5 cxd5 33. Nxh6 d4 34. Ng4+ Ke6 35. h4 gxh4 36. gxh4 Nc6 37. h5 Ne7 38. h6 Ng6 39. h7 Kf7 40. Nxe5+ Kg7
41. Nxg6 Kxh7 42. Nf4
1-0

[Event "Autumn Equinox Open 1"]
[Site "SchemingMind.com"]
[Date "2018.10.28"]
[Round "-"]
[White "Phillip Beckett"]
[Black "capablanca"]
[Result "1/2-1/2"]
[WhiteCountry "ENG"]
[BlackCountry "GER"]
[WhiteElo "1536"]
[WhiteRD "53"]
[BlackElo "1790"]
[BlackRD "74"]
[GameID "434036"]

1. d4 d5 2. c4 c6 3. cxd5 cxd5 4. Nc3 Bf5 5. Nf3 e6 6. Bg5 Nf6 7. e3 Be7 8. Bd3 Bxd3 9. Qxd3 O-O 10. Ne5 Nbd7
11. O-O Nxe5 12. dxe5 Nd7 13. Bxe7 Qxe7 14. f4 Nc5 15. Qd2 Rfc8 16. Rac1 Rc6 17. Nb5 Ne4 18. Qd3 a6 19. Nc3 Nxc3 20. Rxc3 Rac8
21. Rfc1 Rxc3 22. Rxc3 Rc5 23. Qc2 b6 24. Rxc5 Qxc5 25. Qxc5 bxc5 26. Kf2 Kf8 27. Ke2 Ke7 28. Kd3 Kd7 29. Kc3 Kc6 30. Kb3 Kb5
31. a4+ Kc6 32. Kc3 Kb6 33. b3 Ka5 34. g4 c4 35. bxc4 dxc4 36. Kxc4 Kxa4 37. h4 Ka3 38. e4 a5 39. f5 a4 40. Kc3 Ka2
41. Kc2 Ka3 42. g5 g6 43. Kc3 Ka2 44. Kc2 Ka1= 45. Kc3 a3 46. Kc2 Ka2 47. f6 Ka1 48. Kc1 Ka2 49. Kc2 Ka1 50. Kc1 Ka2
51. Kc2=
1/2-1/2

[Event "Autumn Equinox Open 1"]
[Site "SchemingMind.com"]
[Date "2018.10.28"]
[Round "-"]
[White "Phillip Beckett"]
[Black "Goz"]
[Result "1/2-1/2"]
[WhiteCountry "ENG"]
[BlackCountry "ENG"]
[WhiteElo "1514"]
[WhiteRD "53"]
[BlackElo "1589"]
[BlackRD "67"]
[GameID "434037"]

1. d4 d5 2. c4 e6 3. Nc3 c6 4. cxd5 cxd5 5. Nf3 h6 6. Bf4 Bd6 7. Bxd6 Qxd6 8. e3 Nf6 9. Ne5 O-O 10. Bd3 Nc6
11. Nxc6 bxc6 12. Rc1 a6 13. O-O Rb8 14. Qc2 e5 15. dxe5 Qxe5 16. b3 Qg5 17. Ne2 Bh3 18. Ng3 h5 19. gxh3 h4 20. Be2 hxg3
21. hxg3 Ne4 22. Bf3 Nxg3 23. fxg3 Qxg3+ 24. Bg2 Qxe3+ 25. Kh1 Qh6 26. Qxc6 Qxc6 27. Rxc6 d4 28. Rd1 Rfd8 29. Rxa6 Rbc8 30. Ra4 d3
31. Rf4 d2 32. Rff1 Rc2 33. Be4 Rxa2 34. Rf2 Rb2 35. Rf3 Re8 36. Bd5 Re1+ 37. Rf1 Rxf1+ 38. Rxf1 Rc2 39. Rd1 Kf8 40. Bc4 Rc1
41. Be2 g5 42. Kg2 f5 43. Kf2 f4 44. Bg4 Ke7 45. Ke2 Rb1 46. Kxd2 Rxb3 47. Re1+ Kf6 48. Re6+ Kg7 49. Re5 Kf6 50. Rf5+ Kg6
51. Ke2 Rb6 52. Re5 Kf6 53. Re8 Rb2+ 54. Kf3 Rb3+ 55. Kf2 Kf7 56. Ra8 Rb2+ 57. Kf3 Rb3+ 58. Kf2=
1/2-1/2

[Event "Autumn Equinox Open 1"]
[Site "SchemingMind.com"]
[Date "2018.10.28"]
[Round "-"]
[White "Goz"]
[Black "Phillip Beckett"]
[Result "1-0"]
[WhiteCountry "ENG"]
[BlackCountry "ENG"]
[WhiteElo "1583"]
[WhiteRD "66"]
[BlackElo "1536"]
[BlackRD "53"]
[GameID "434038"]

1. d4 d5 2. e3 e6 3. c4 Nf6 4. c5 c6 5. Nf3 Nbd7 6. Be2 Be7 7. O-O O-O 8. b4 a5 9. bxa5 Rxa5 10. Bd2 Ra8
11. a4 b6 12. Bb4 bxc5 13. dxc5 Bxc5 14. Bxc5 Nxc5 15. Nc3 Ba6 16. Bxa6 Rxa6 17. Qc2 Qa8 18. Ra2 Nfe4 19. Rfa1 Nxc3 20. Qxc3 Ne4
21. Qe1 Rb8 22. Nd4 c5 23. Nf3 Rb3 24. a5 Qb7 25. Nd2 Rb2 26. Nxe4 Rxa2 27. Rxa2 dxe4 28. h3 f5 29. Qd2 Qb1+ 30. Kh2 Qb8+
31. g3 Qc7 32. h4 Rd6 33. Qc3 Ra6 34. Kg2 Kf7 35. h5 e5 36. Qc4+
1-0

[Event "Autumn Equinox Open 1"]
[Site "SchemingMind.com"]
[Date "2018.10.28"]
[Round "-"]
[White "Holty"]
[Black "Phillip Beckett"]
[Result "1-0"]
[WhiteCountry "ENG"]
[BlackCountry "ENG"]
[WhiteElo "1734"]
[WhiteRD "60"]
[BlackElo "1536"]
[BlackRD "53"]
[GameID "434040"]

1. d4 d5 2. e3 Nf6 3. Bd3 e6 4. Nf3 c5 5. b3 Nc6 6. Bb2 cxd4 7. exd4 Bd6 8. Nbd2 O-O 9. O-O Bd7 10. a3 Rc8
11. Ne5 g6 12. Re1 Qc7 13. f4 Ne7 14. c4 Kg7 15. Rc1 Nfg8 16. c5 Bxe5 17. fxe5 f5 18. exf6+ Nxf6 19. Be2 Nf5 20. Bg4 Nxg4
21. Qxg4 Rce8 22. Nf3 Nh6 23. Qg5 Rf5 24. Qd2 Nf7 25. Rc3 e5 26. b4 e4 27. Nh4 Rf6 28. g3 e3 29. Rcxe3 Rxe3 30. Rxe3 Nh6
31. Re5 Bc6 32. Qe2 Rf7 33. Nf3 Ng4 34. Rg5 Nf6 35. Bc1 Ne4 36. Bf4 Rxf4 37. gxf4 Nxg5 38. Nxg5 Qxf4 39. Ne6+
1-0

[Event "Autumn Equinox Open 1"]
[Site "SchemingMind.com"]
[Date "2018.10.31"]
[Round "-"]
[White "capablanca"]
[Black "echecs"]
[Result "0-1"]
[WhiteCountry "GER"]
[BlackCountry "ENG"]
[WhiteElo "1748"]
[WhiteRD "65"]
[BlackElo "1834"]
[BlackRD "61"]
[GameID "434093"]

1. d4 d5 2. c4 c6 3. Nc3 e6 4. cxd5 cxd5 5. Bf4 Nc6 6. e3 Nf6 7. Bd3 a6 8. Nf3 Be7 9. O-O O-O 10. a3 b5
11. b4 Bb7 12. Rc1 Nd7 13. Qc2 g6 14. Bh6 Re8 15. Ne2 Rc8 16. Qb1 Bf6 17. Ng3 Bg7 18. Bxg7 Kxg7 19. Rc2 Nb6 20. Rfc1 Nc4
21. Qa1 Ne7 22. a4 Nc6 23. axb5 axb5 24. Bxc4 bxc4 25. b5 Nb4 26. Re2 Ra8 27. Qb1 Nd3 28. Rc3 Ra4 29. Ra2 Qa5 30. Rcc2 Ra8
31. Rxa4 Qxa4 32. h3 Ra5 33. b6 Rb5 34. Qa2 Qxa2 35. Rxa2 Rxb6 36. Ne5 Nxe5 37. dxe5 Rb1+ 38. Kh2 Rc1 39. Ra3 Rc2 40. Kg1 Bc6
41. Ra6 Bb5 42. Rb6 Ba4
0-1

[Event "Autumn Equinox Open 1"]
[Site "SchemingMind.com"]
[Date "2018.10.30"]
[Round "-"]
[White "echecs"]
[Black "capablanca"]
[Result "0-1"]
[WhiteCountry "ENG"]
[BlackCountry "GER"]
[WhiteElo "1834"]
[WhiteRD "61"]
[BlackElo "1748"]
[BlackRD "65"]
[GameID "434094"]

1. e4 c5 2. Nf3 d6 3. c3 g6 4. d4 cxd4 5. cxd4 Bg7 6. Nc3 Nf6 7. Be2 O-O 8. O-O Nc6 9. a3 e6 10. Bg5 Qd7
11. Rc1 a6 12. b4 b5 13. Qd2 Bb7 14. Bh6 Rac8 15. Bxg7 Kxg7 16. Qf4 Nh5 17. Qh4 Qd8 18. Ng5 h6 19. Bxh5 Qxg5 20. Qxg5 hxg5
21. Bd1 Nxd4 22. f3 Rc7 23. Ne2 Nxe2+ 24. Bxe2 Rfc8 25. Rxc7 Rxc7 26. Ra1 f6 27. Bd1 d5 28. exd5 Bxd5 29. Kf2 Bc4 30. a4 Rd7
31. axb5 axb5 32. Kg3 f5 33. Bc2 Rd2 34. Rc1 Kf6 35. Kh3 Bd5 36. Kg3 e5 37. Kh3 f4 38. Be4 Be6+ 39. g4 Bc4 40. Ra1 Rf2
41. Ra6+ Ke7 42. Ra7+ Kd6 43. Ra6+ Kc7 44. Rc6+ Kd7 45. Rxc4 bxc4 46. b5 Kc7 47. b6+ Kxb6 48. Bc6 c3 49. Be4 Rxf3+ 50. Bxf3 c2
0-1

[Event "Autumn Equinox Open 1"]
[Site "SchemingMind.com"]
[Date "2018.10.30"]
[Round "-"]
[White "echecs"]
[Black "Phillip Beckett"]
[Result "1-0"]
[WhiteCountry "ENG"]
[BlackCountry "ENG"]
[WhiteElo "1866"]
[WhiteRD "62"]
[BlackElo "1536"]
[BlackRD "53"]
[GameID "434095"]

1. e4 e5 2. Nf3 Nc6 3. Bc4 Nf6 4. Ng5 Bc5 5. Nxf7 Bxf2+ 6. Kf1 Qe7 7. Nxh8 d5 8. exd5 Na5 9. Bb5+ c6 10. dxc6 bxc6
11. Qf3 Bb7 12. Ba4 O-O-O 13. Kxf2 Rf8 14. Kg1 Qc5+ 15. Qe3 Qb4 16. Nc3 Rxh8 17. a3 Qe7 18. Qxa7 Qc7 19. d3 Kd7 20. Be3 Nd5
21. Nxd5 Qb8 22. Qxa5
1-0

[Event "Autumn Equinox Open 1"]
[Site "SchemingMind.com"]
[Date "2018.10.31"]
[Round "-"]
[White "Phillip Beckett"]
[Black "echecs"]
[Result "0-1"]
[WhiteCountry "ENG"]
[BlackCountry "ENG"]
[WhiteElo "1536"]
[WhiteRD "53"]
[BlackElo "1866"]
[BlackRD "62"]
[GameID "434096"]

1. d4 d6 2. c4 c6 3. Nc3 a6 4. Nf3 Nf6 5. Bg5 b5 6. cxb5 axb5 7. a3 g6 8. e3 Bg7 9. Bd3 O-O 10. O-O Bg4
11. h3 Bd7 12. Nd2 Na6 13. Bxf6 Bxf6 14. Nde4 Bg7 15. f4 d5 16. Nc5 Nxc5 17. dxc5 e5 18. fxe5 Bxe5 19. Qc2 Qg5 20. Rae1 Bxh3
21. Kh1 Be6 22. e4 Qh4+ 23. Kg1 Bh2+ 24. Kh1 Bg3+ 25. Kg1 Qh2#
0-1

[Event "Autumn Equinox Open 1"]
[Site "SchemingMind.com"]
[Date "2018.10.30"]
[Round "-"]
[White "echecs"]
[Black "Goz"]
[Result "0-1"]
[WhiteCountry "ENG"]
[BlackCountry "ENG"]
[WhiteElo "1834"]
[WhiteRD "61"]
[BlackElo "1589"]
[BlackRD "67"]
[GameID "434097"]

1. e4 c5 2. Nf3 e6 3. c3 Nf6 4. e5 Nd5 5. d4 b6 6. Be2 Be7 7. c4 Nb4 8. a3 N4c6 9. d5 exd5 10. cxd5 Nd4
11. Nxd4 cxd4 12. Qxd4 Bc5 13. Qe4 O-O 14. O-O Bb7 15. Bf4 Re8 16. Nc3 d6 17. Bd3 g6 18. b4 dxe5 19. Bb5 Re7 20. Bg5 Bd4
21. Bxe7 Qxe7 22. Rac1 a5 23. bxa5 Rxa5 24. a4 Nd7 25. Ne2 Nc5 26. Nxd4 Nxe4 27. Nc6 Bxc6 28. dxc6 Nc5 29. Rfd1 Ra7 30. Rc4 f5
31. Rb4 Ne6 32. Rb3 Nd4 33. Bc4+ Kg7 34. Rxb6 Qc7 35. a5 Nxc6 36. Bb5 Nxa5 37. Rd7+ Qxd7 38. Bxd7 Rxd7 39. g3 Nc4 40. Re6 e4
41. Kg2 Kf7 42. Ra6 h5 43. Kh3 Kg7 44. Kg2 Kh6 45. Kh3 Rd2 46. Kg2 Ne5 47. Kf1 Nf3 48. h4 Nh2+ 49. Kg2 Ng4
0-1

[Event "Autumn Equinox Open 1"]
[Site "SchemingMind.com"]
[Date "2018.10.31"]
[Round "-"]
[White "Goz"]
[Black "echecs"]
[Result "0-1"]
[WhiteCountry "ENG"]
[BlackCountry "ENG"]
[WhiteElo "1589"]
[WhiteRD "67"]
[BlackElo "1834"]
[BlackRD "61"]
[GameID "434098"]

1. d4 d6 2. e4 e6 3. c4 Nf6 4. Nc3 a6 5. Nf3 c6 6. Be2 Be7 7. O-O O-O 8. Bg5 Nbd7 9. b4 h6 10. Bh4 b5
11. c5 Qc7 12. Bxf6 Nxf6 13. cxd6 Bxd6 14. a3 Nh7 15. e5 Be7 16. Qb3 Bb7 17. Nd2 Ng5 18. Nde4 Rad8 19. Rad1 a5 20. Rd2 axb4
21. axb4 Ba8 22. Rfd1 Rfe8 23. Bh5 Nxe4 24. Nxe4 Rd5 25. Nc3 Rd7 26. f4 Red8 27. Ne2 g6 28. Bf3 Qa7 29. Kh1 Kg7 30. g3 g5
31. Bh5 c5+ 32. Kg1 c4 33. Qb1 Qb7 34. Nc3 gxf4 35. gxf4 Qh1+ 36. Kf2 Qxh2+ 37. Ke1 Bh4+
0-1

[Event "Autumn Equinox Open 1"]
[Site "SchemingMind.com"]
[Date "2018.10.30"]
[Round "-"]
[White "echecs"]
[Black "Holty"]
[Result "0-1"]
[WhiteCountry "ENG"]
[BlackCountry "ENG"]
[WhiteElo "1866"]
[WhiteRD "62"]
[BlackElo "1734"]
[BlackRD "60"]
[GameID "434099"]

1. e4 e6 2. d4 d5 3. e5 c5 4. c3 Nc6 5. Nf3 Bd7 6. a3 a5 7. Be2 Qb6 8. O-O a4 9. Re1 Nh6 10. Qd3 Nf5
11. Rd1 Be7 12. h3 cxd4 13. cxd4 O-O 14. Nc3 Na5 15. Rb1 Nb3 16. Be3 Rfc8 17. Nd2 Nbxd4 18. Bxd4 Nxd4 19. Nf3 Nxe2+ 20. Nxe2 Bb5
21. Qd2 Rc7 22. Nc3 Bc4 23. Qf4 Bb3 24. Rd2 h6 25. Qg3 Bxa3 26. Nd4 Be7 27. Ncb5 Rc4 28. Nxb3 Qxb5 29. Nd4 Qb6 30. Nf3 a3
31. b3 a2 32. Ra1 Qxb3 33. Rdd1 Ba3 34. Nd2 Qxg3 35. fxg3 Rc2 36. Nb3 Bb2
0-1

[Event "Autumn Equinox Open 1"]
[Site "SchemingMind.com"]
[Date "2018.10.31"]
[Round "-"]
[White "Holty"]
[Black "echecs"]
[Result "0-1"]
[WhiteCountry "ENG"]
[BlackCountry "ENG"]
[WhiteElo "1734"]
[WhiteRD "60"]
[BlackElo "1866"]
[BlackRD "62"]
[GameID "434100"]

1. d4 d6 2. Nf3 c6 3. c4 a6 4. e4 e6 5. Nc3 b5 6. Bf4 Nf6 7. Bd3 Be7 8. O-O O-O 9. Re1 bxc4 10. Bxc4 d5
11. Bd3 dxe4 12. Nxe4 Nd5 13. Bd2 Nd7 14. Neg5 g6 15. Rc1 Bb7 16. Qc2 Kg7 17. a3 Rh8 18. Ne5 Nxe5 19. dxe5 Bxg5 20. Rcd1 Bh4
21. g3 Be7 22. Be4 h5 23. Qc1 h4 24. Bc2 hxg3 25. fxg3 Qb6+ 26. Be3 Nxe3 27. Rxe3 Bc5 28. Re1 Bxe3+ 29. Rxe3 Rh5 30. h4 Rxe5
31. Kf2 Rd8 32. Ke2 Rxe3+ 33. Qxe3 Qxb2 34. Qe4 c5 35. Qc4 Qe5+ 36. Kf2 Rd2+
0-1

[Event "Autumn Equinox Open 1"]
[Site "SchemingMind.com"]
[Date "2018.10.31"]
[Round "-"]
[White "capablanca"]
[Black "The Stonewall"]
[Result "0-1"]
[WhiteCountry "GER"]
[BlackCountry "ENG"]
[WhiteElo "1790"]
[WhiteRD "74"]
[BlackElo "2293"]
[BlackRD "81"]
[GameID "434105"]

1. d4 d5 2. c4 dxc4 3. Nc3 a6 4. a4 Nc6 5. Nf3 Bg4 6. e3 Na5 7. Be2 Bxf3 8. Bxf3 e6 9. O-O Nf6 10. Bd2 c6
11. Be1 Nb3 12. Ra2 Bd6 13. Qc2 Nd5 14. Bd1 Nb4
0-1

[Event "Autumn Equinox Open 1"]
[Site "SchemingMind.com"]
[Date "2018.10.31"]
[Round "-"]
[White "The Stonewall"]
[Black "capablanca"]
[Result "1-0"]
[WhiteCountry "ENG"]
[BlackCountry "GER"]
[WhiteElo "2293"]
[WhiteRD "81"]
[BlackElo "1790"]
[BlackRD "74"]
[GameID "434106"]

1. e4 c5 2. Nf3 d6 3. c3 g6 4. d4 cxd4 5. cxd4 Bg7 6. h3 Nf6 7. Nc3 O-O 8. Be3 a6 9. Bd3 e6 10. O-O Bd7
11. Rc1 Nc6 12. Re1 Rc8 13. Qb3 b5 14. e5 dxe5 15. dxe5 Ne8 16. Bf4 Qb6 17. Red1 Na5 18. Qb4 Nc6 19. Qe4 Nb8 20. Be3 Qc6
21. Qh4 Qb7 22. Be4 Bc6 23. Bc5 Bxe4 24. Nxe4 Nd7 25. Bxf8
1-0

[Event "Autumn Equinox Open 1"]
[Site "SchemingMind.com"]
[Date "2018.10.31"]
[Round "-"]
[White "echecs"]
[Black "The Stonewall"]
[Result "0-1"]
[WhiteCountry "ENG"]
[BlackCountry "ENG"]
[WhiteElo "1866"]
[WhiteRD "62"]
[BlackElo "2293"]
[BlackRD "81"]
[GameID "434107"]

1. e4 c5 2. Nf3 Nc6 3. c3 d5 4. exd5 Qxd5 5. Be2 e5 6. O-O Nf6 7. Na3 Bg4 8. Nc2 Bxf3 9. Bxf3 e4 10. Ne3 Qd7
11. Be2 Bd6 12. d3 O-O-O 13. dxe4 Bxh2+ 14. Kh1 Qe8 15. Qa4 Bc7 16. f3 Qe5 17. f4 Qxe4 18. Qa3 Rhe8 19. Bb5 Nh5 20. Rf3 Qg6
21. Bxc6 Nxf4 22. Bxe8 Rd1+ 23. Nf1 Qxg2#
0-1

[Event "Autumn Equinox Open 1"]
[Site "SchemingMind.com"]
[Date "2018.11.02"]
[Round "-"]
[White "The Stonewall"]
[Black "echecs"]
[Result "1-0"]
[WhiteCountry "ENG"]
[BlackCountry "ENG"]
[WhiteElo "2293"]
[WhiteRD "81"]
[BlackElo "1866"]
[BlackRD "62"]
[GameID "434108"]

1. e4 e5 2. Nc3 Nf6 3. Bc4 Bc5 4. f4 exf4 5. d4 Bb4 6. Ne2 Qe7 7. O-O O-O 8. Bxf4 Nxe4 9. Nd5 Qh4 10. Nxc7 Nc6
11. Nxa8 Na5 12. Bd5 Nf6 13. Nc7 Nc6 14. Bf3 g5 15. Bg3 Qh6 16. Nc3 g4 17. Bxg4 Bxc3 18. bxc3 Qe3+ 19. Bf2 Qxc3 20. Bh4 Qe3+
21. Kh1 Ne4 22. Bf5
1-0

[Event "Autumn Equinox Open 1"]
[Site "SchemingMind.com"]
[Date "2018.10.31"]
[Round "-"]
[White "The Stonewall"]
[Black "Phillip Beckett"]
[Result "1-0"]
[WhiteCountry "ENG"]
[BlackCountry "ENG"]
[WhiteElo "2293"]
[WhiteRD "81"]
[BlackElo "1536"]
[BlackRD "53"]
[GameID "434109"]

1. e4 e5 2. Nc3 Nf6 3. Bc4 Be7 4. f4 exf4 5. e5 Ng8 6. d4 Bh4+ 7. Kf1 Ne7 8. g3 fxg3 9. hxg3 Bxg3 10. Qf3 d5
11. exd6 Bxd6 12. Bxf7+ Kd7 13. Qg4+ Kc6 14. d5+ Kb6 15. Be3+ Ka6 16. Qa4#
1-0

[Event "Autumn Equinox Open 1"]
[Site "SchemingMind.com"]
[Date "2018.10.31"]
[Round "-"]
[White "Phillip Beckett"]
[Black "The Stonewall"]
[Result "0-1"]
[WhiteCountry "ENG"]
[BlackCountry "ENG"]
[WhiteElo "1536"]
[WhiteRD "53"]
[BlackElo "2293"]
[BlackRD "81"]
[GameID "434110"]

1. d4 d5 2. c4 dxc4 3. Qa4+ Nc6 4. e3 e5 5. dxe5 Bd7 6. Qxc4 Nxe5 7. Qe4 Bd6 8. Nf3 Bc6 9. Qf5 g6 10. Qc2 Nxf3+
11. gxf3 Bxf3 12. Rg1 Bxh2 13. Rg3 Bxg3 14. fxg3 Nf6 15. Nc3 O-O 16. Bd2 Re8 17. Kf2 Bc6 18. Rd1 Ng4+ 19. Kg1 Qg5
0-1

[Event "Autumn Equinox Open 1"]
[Site "SchemingMind.com"]
[Date "2018.10.30"]
[Round "-"]
[White "The Stonewall"]
[Black "Goz"]
[Result "1-0"]
[WhiteCountry "ENG"]
[BlackCountry "ENG"]
[WhiteElo "2293"]
[WhiteRD "81"]
[BlackElo "1583"]
[BlackRD "66"]
[GameID "434111"]

1. e4 c5 2. b3 e5 3. Bb2 d6 4. Bc4 Nf6 5. Nc3 Nbd7 6. Nf3 Be7 7. O-O O-O 8. Qe2 Nb6 9. d3 Nxc4 10. dxc4 a6
11. Rad1 Bd7 12. a4 Bc6 13. Nxe5 Qc7 14. Nxc6 Qxc6 15. Rd3 Ne8 16. Nd5 Bd8 17. Qh5 f6 18. Rh3 h6 19. Qg6 Kh8 20. Bc1 f5
21. Bxh6
1-0

[Event "Autumn Equinox Open 1"]
[Site "SchemingMind.com"]
[Date "2018.11.01"]
[Round "-"]
[White "Goz"]
[Black "The Stonewall"]
[Result "0-1"]
[WhiteCountry "ENG"]
[BlackCountry "ENG"]
[WhiteElo "1583"]
[WhiteRD "66"]
[BlackElo "2293"]
[BlackRD "81"]
[GameID "434112"]

1. d4 Nf6 2. c4 b6 3. Nc3 Bb7 4. d5 e6 5. e4 Bb4 6. Bd2 O-O 7. Bd3 exd5 8. cxd5 Na6 9. a3 Nc5 10. Bg5 Bxc3+
11. bxc3 Re8 12. Bxf6 Qxf6 13. Ne2 Bxd5 14. exd5 Qxc3+ 15. Kf1 Qxd3 16. Qxd3 Nxd3 17. Nc3 Re5 18. g3 a6 19. Kg2 Rae8 20. Rhd1 Nc5
21. Ra2 g6 22. Rad2 Re1 23. f3 Rxd1 24. Nxd1 Re5 25. Nc3 Kf8 26. Kh3 Re3 27. Ne2 Rxf3 28. Nf4 Rxa3 29. Kh4 h6 30. g4 g5+
31. Kh5 gxf4 32. Kxh6 Ne4 33. Re2 Rh3#
0-1

[Event "Autumn Equinox Open 1"]
[Site "SchemingMind.com"]
[Date "2018.10.30"]
[Round "-"]
[White "The Stonewall"]
[Black "Holty"]
[Result "1-0"]
[WhiteCountry "ENG"]
[BlackCountry "ENG"]
[WhiteElo "2293"]
[WhiteRD "81"]
[BlackElo "1734"]
[BlackRD "60"]
[GameID "434113"]

1. e4 e6 2. b3 d5 3. Bb2 Nf6 4. e5 Ng8 5. Nf3 c5 6. d4 Nc6 7. Bb5 Bd7 8. Bxc6 Bxc6 9. O-O Nh6 10. Nc3 Nf5
11. Ne2 cxd4 12. Nexd4 Nxd4 13. Nxd4 Bd7 14. Qg4 g6 15. Rfd1 Bg7 16. c4 Bxe5 17. cxd5 Qf6 18. f4 exd5 19. Qe2 Qxf4 20. Nf3 Bg4
21. Bxe5
1-0

[Event "Autumn Equinox Open 1"]
[Site "SchemingMind.com"]
[Date "2018.10.31"]
[Round "-"]
[White "Holty"]
[Black "The Stonewall"]
[Result "0-1"]
[WhiteCountry "ENG"]
[BlackCountry "ENG"]
[WhiteElo "1734"]
[WhiteRD "60"]
[BlackElo "2293"]
[BlackRD "81"]
[GameID "434114"]

1. d4 Nf6 2. Nf3 c5 3. d5 b5 4. c4 Bb7 5. Qc2 e6 6. dxe6 fxe6 7. cxb5 Be4 8. Qc3 a6 9. Bg5 axb5 10. Nbd2 Bxf3
11. Qxf3 Nc6 12. e3 c4 13. Be2 Bb4 14. a3 Bxd2+ 15. Kxd2 Qa5+ 16. Kc2 O-O 17. Rad1 Qa4+ 18. Kb1 c3 19. Bd3 Qb3 20. Qe2 Nb4
21. Bxf6 Rxa3 22. Bxh7+ Kxh7 23. Bxc3 Ra1+
0-1